000 00399nam a2200157 a 4500
001 19730
005 20180713213216.0
008 140415s1996 000 0 spa d
041 _aspa
082 _a170
_bVEN
100 1 _aVENTURA CAPILLA, MARIA TERESA
245 1 0 _aMETAFISICA Y ETICA EN NUESTROS DIAS
260 _a[s.l.] :
_bHOMO,
_c1996
300 _a224
650 1 4 _aMORAL
999 _c19730
_d19730